Los Cuerpos nacionales: presente y futuro / por Javier Soto Carmona presente y futuro / por Javier Soto Carmona
Descripción Física:
27 p. ; 23 cm
Materias:
Funcionaris i empleats locals -- Espanya
MARC
| LEADER | 00000nam a2200000Ia 4500 | ||
|---|---|---|---|
| 001 | 13720 | ||
| 008 | 160829s1982 xx 000 0 cat d | ||
| 080 | |a FU-19-1 | ||
| 100 | |a Soto Carmona, Javier |9 30071 | ||
| 245 | |a Los Cuerpos nacionales: |b presente y futuro / por Javier Soto Carmona | ||
| 260 | |a Barcelona : |b (Imprenta - Escuela. Casa de Caridad), |c 1982 | ||
| 300 | |a 27 p. ; |c 23 cm | ||
| 650 | |a Funcionaris i empleats locals |x Espanya |9 43351 | ||
| 901 | |a Arxiu | ||
| 942 | |n 1 | ||
| 952 | |0 0 |1 0 |4 0 |6 FU191 |7 1 |9 45244 |a Arxiu |b Arxiu |d 2016-12-01 |l 0 |o FU-19-1 |p 13720 |r 2016-12-01 00:00:00 |w 2016-12-01 |y ARXIU | ||
| 999 | |c 48318 |d 48318 | ||